00565nam a22001457a 4500008004100000020001500041050002300056100002700079245011000106260004500216300002700261500005100288650005200339650002800391161107b xxu||||| |||| 00| 0 eng d a0300092121 aN 6921 .F7R32 2002 aRandolph, Adrian W. B. aEngaging Symbols:bgender, politics, and public art in fifteenth-century Florence/cAdrian W. B. Randolph aNew Haven:bYale University Press,c2002 ax, 381p. :bill. ;ccm aIncludes bibliographical references and index. aArt, Italian.xItaly.yFlorence.z15th century. aGender identity in art.